|
|
|
|
| LEADER |
02671nam a2200349 a 4500 |
| 001 |
22271 |
| 003 |
BD-DhAAL |
| 008 |
110329s2010 bg b 001 0 ben |
| 999 |
|
|
|c 10614
|d 10614
|
| 020 |
|
|
|a 9847013800514
|
| 020 |
|
|
|a 9789848815632
|
| 020 |
|
|
|a 9840501216
|
| 040 |
|
|
|a BD-DhAAL
|c BD-DhAAL
|
| 082 |
0 |
0 |
|a 954.9205
|2 22
|
| 100 |
1 |
|
|a হাসান, মঈদুল
|9 26032
|
| 245 |
1 |
0 |
|a মূলধারা '৭১ /
|c মঈদুল হাসান
|
| 246 |
|
|
|a Muldhara: '71
|
| 260 |
|
|
|a ঢাকা :
|b ইউনিভার্সিটি প্রেস লিমিটেড,
|c c২০০৪, ২০০৮, ২০১০, ২০১৩ [সপ্তদশ মুদ্রণ ২০২০].
|
| 300 |
|
|
|a xii, ৩১৯ পৃষ্ঠা ;
|c ২২ সে.মি.
|
| 504 |
|
|
|a গ্রন্থপঞ্জিগত নির্দেশিকা ও নিঘন্ট অন্তর্ভুক্ত।
|
| 526 |
|
|
|a AAL, BIED, GenEd
|
| 541 |
|
|
|a The University Press Limited, Donated By Akbar Ali Khan, Book Finder International
|e 22271, 33133, 33134, 35411, 38465, 39495
|
| 651 |
|
0 |
|a Bangladesh
|x History
|y Revolution, 1971.
|9 26033
|
| 852 |
4 |
|
|a Ayesha Abed Library
|c General Stacks
|
| 942 |
|
|
|2 ddc
|c BK
|
| 952 |
|
|
|0 0
|1 0
|2 ddc
|4 0
|6 954_920500000000000_HAS
|7 0
|9 15944
|a BDI
|b BDI
|c GEN
|d 2011-03-31
|e The University Press
|g 325.00
|l 0
|o 954.9205 HAS
|p 3050022271
|r 2011-03-31
|t 1
|w 2011-03-31
|y BK
|
| 952 |
|
|
|0 0
|1 0
|2 ddc
|4 0
|6 954_920500000000000_HAS
|7 0
|9 63443
|a BRACUL
|b BRACUL
|c BNC
|d 2018-05-27
|e The University Press Limited
|g 262.50
|l 1
|m 30
|o 954.9205 HAS
|p 3010033133
|r 2019-12-29
|s 2019-05-09
|t 2
|v 350.00
|w 2018-05-27
|y BK
|
| 952 |
|
|
|0 0
|1 0
|2 ddc
|4 0
|6 954_920500000000000_HAS
|7 0
|9 63444
|a BRACUL
|b BRACUL
|c BNC
|d 2018-05-27
|e The University Press Limited
|g 262.50
|l 3
|m 22
|o 954.9205 HAS
|p 3010033134
|r 2025-08-12
|s 2025-06-03
|t 3
|v 350.00
|w 2018-05-27
|y BK
|
| 952 |
|
|
|0 0
|1 0
|2 ddc
|4 0
|6 954_920500000000000_HAS
|7 0
|9 63484
|a SCL
|b SCL
|c GEN
|d 2018-06-04
|e Development Book Agency
|g 315.00
|l 4
|m 4
|o 954.9205 HAS
|p 3020009675
|r 2025-07-14
|s 2025-07-13
|t 4
|w 2018-06-04
|y BK
|
| 952 |
|
|
|0 0
|1 0
|2 ddc
|4 0
|6 954_920500000000000_HAS
|7 0
|9 66228
|a BRACUL
|b BRACUL
|c GEN
|d 2019-09-11
|e Complimentary copy from BIED
|l 1
|m 4
|o 954.9205 HAS
|p 3010035411
|r 2025-01-14
|s 2024-11-15
|t 5
|w 2019-09-11
|y BK
|x Transferred from BIED to General Stacks
|
| 952 |
|
|
|0 0
|1 0
|2 ddc
|4 0
|6 954_920500000000000_HAS
|7 1
|9 70576
|a BRACUL
|b BRACUL
|c AAKC
|d 2022-04-27
|e Donated by Akbar Ali Khan
|l 0
|o 954.9205 HAS
|p 3010038465
|r 2022-04-27
|t 6
|w 2022-04-27
|y BK
|
| 952 |
|
|
|0 0
|1 0
|2 ddc
|4 0
|6 954_920500000000000_HAS
|7 0
|9 71546
|a SCL
|b SCL
|c GEN
|d 2022-08-03
|e Book Finder International
|g 281.55
|l 4
|m 5
|o 954.9205 HAS
|p 3020039495
|r 2023-07-17
|s 2023-06-15
|t 7
|v 0.00
|w 2022-08-03
|y BK
|